000 00281nam a22001217a 4500
008 170628b xxu||||| |||| 00| 0 eng d
041 _aeng
080 _a82
100 _a21
101 _aGJL
245 _aTHE OXFORD COMPANION TO ENGLISH LITERATURE
_cDRABBLE, M
942 _2udc
_cBK
999 _c19303
_d19303